| Поле | Инд. | ПП | Название | Значение |
|---|---|---|---|---|
| Тип записи | a | |||
| Библиографический уровень | b | |||
| 001 | Контрольный номер | RU/IS/BASE/267623945 | ||
| 005 | Дата корректировки | 20200604150817.2 | ||
| 008 | Кодируемые данные | 20080624 | ||
| 040 | b | Код языка каталог. | rus | |
| e | Правила каталог. | PSBO | ||
| 041 | 0_ | a | Код языка текста | rus |
| 084 | a | Индекс другой классификации/Индекс ББК | 81.411.2-22; 81.473.1-22 | |
| 100 | 1_ | a | Автор | Говорухо Р. А. |
| 245 | 10 | a | Заглавие | Некоторые типы итальянских и русских временных конструкций и проблемы связанности текста |
| 504 | a | Библиография | Библиогр.: с. 95 - 96 | |
| 650 | 04 | a | Основная рубрика | грамматика |
| a | Основная рубрика | итальянский язык | ||
| a | Основная рубрика | русский язык | ||
| a | Основная рубрика | филологические науки | ||
| a | Основная рубрика | частное языкознание; синтаксис | ||
| a | Основная рубрика | языкознание | ||
| 653 | 1_ | a | Ключевые слова | временные отношения |
| a | Ключевые слова | временные союзы | ||
| a | Ключевые слова | коллективный речевой узус | ||
| a | Ключевые слова | наречие | ||
| a | Ключевые слова | наречие времени | ||
| a | Ключевые слова | сравнительная лингвистика | ||
| a | Ключевые слова | таксис | ||
| a | Ключевые слова | таксисные отношения | ||
| a | Ключевые слова | узус | ||
| a | Ключевые слова | функциональная грамматика | ||
| 773 | 08 | t | Заглавие источника | Вестник Московского университета. Серия 9, Филология |
| d | Дата издания источника | 2007 | ||
| g | Прочая информация | № 5. - С. 81 - 96 | ||
| w | Контрольный № источника | RU/IS/BASE/261756274 | ||
| 901 | t | Тип документа | b |